| 000 | 00703nam a2200193Ii 4500 | ||
|---|---|---|---|
| 003 | JO-AjNU | ||
| 008 | 230605s9999||||xx |||||||||||||| ||und|| | ||
| 040 |
_aJO-AjNU _bara _erda _cJO-AjNU |
||
| 041 | _aara | ||
| 050 | 1 | 4 | _aQH345.C4212 |
| 100 | 3 |
_aتشامبرز، روبرت وارنر, _eauthor _938934 |
|
| 245 | 0 | 0 | _aمن الخلية إلى أنبوبة الاختبار : علم الكيمياء الحيوية |
| 264 | 3 | 1 | _aالقاهرة:مكتبة الانجلو المصرية ، 1900 |
| 300 | _a192ص | ||
| 336 |
_atext _btxt _2rdacontent |
||
| 337 |
_aunmediated _bn _2rdamedia |
||
| 338 |
_avolume _bnc _2rdacarrier |
||
| 650 | 4 |
_aالكيمياء الحيوية -الخلايا _938935 |
|
| 999 |
_aA16401 _c19969 _d19969 |
||